Wohnungspolitik und Stadterneuerung unter Veränderten Sozioökonomischen Rahmenbedingungen

Gespeichert in:
Bibliographische Detailangaben
1. Verfasser: Wimmer, Hannes
Format: Buch
Sprache:Deutsch
Veröffentlicht: Wien Institut für Höhere Studien 1986
Ausgabe:1. Aufl.
Schriftenreihe:Forschungsbericht No.230
Tags: Tag hinzufügen
Keine Tags, Fügen Sie das erste Tag hinzu!

MARC

LEADER 00000nam a2200000 4500
001 c036088
005 20250512103158.7
041 0 |a ger 
044 |a AT 
245 1 0 |a Wohnungspolitik und Stadterneuerung unter Veränderten Sozioökonomischen Rahmenbedingungen  |c Hannes Wimmer 
250 |a 1. Aufl. 
264 1 |a Wien  |b Institut für Höhere Studien  |c 1986 
300 |a 23 s. 
490 1 |a Forschungsbericht  |v No.230 
830 0 |a Forschungsbericht  |v No.230 
100 1 |a Wimmer, Hannes